000 00280nam a22001217a 4500
040 _cSY
082 _a332
100 _aហ៊ឹង សាលីន
245 _aហិរញ្ញវត្ថុជនបទ
260 _aRUA
_bហ៊ឹង
_c2005
300 _a139p.
942 _cKB
999 _c9780
_d9780